Statistics for Detroit Tigers Nicknames

Click here to take the quiz!

General Stats

  • This quiz has been taken 737 times
    (229 since last reset)
  • The average score is 10 of 16

Answer Stats

NicknamePlayer% Correct
MiggyMiguel Cabrera
94%
PudgeIván Rodríguez
91%
JVJustin Verlander
83%
The Georgia PeachTy Cobb
82%
SparkySparky Anderson
79%
Mount MorrisJack Morris
74%
Action JacksonAustin Jackson
72%
Hammerin' HankHank Greenberg
69%
Sweet LouLou Whitaker
68%
The BirdMark Fidrych
63%
Juan GoneJuan González
56%
Big DaddyCecil Fielder
46%
IggyJosé Iglesias
42%
Stormin' NormanNorm Cash
40%
Papa GrandeJose Valverde
31%
Big WheelLance Parrish
18%

Score Distribution

Percentile by Number Answered

Percent of People with Each Score

Your Score History

You have not taken this quiz since the last reset